Southville International School and Colleges
Your cart is empty.
  • Cart
  • Lists
    Public lists Eva Luna New books Lux_list list_1
    Your lists Log in to create your own lists
  • Log in to your account
  • Your cookies
  • Search history
Southville International School and Colleges
  • Advanced search
  • Recent comments
  • Most popular
  • Libraries

Log in to your account

Log in with GOOGLE


If you do not have an external account, but do have a local account, you can still log in:

  1. Home
  2. MARC view: Guilt - free desserts :
Normal view MARC view ISBD view

Guilt - free desserts : (Record no. 368284)

[ view plain ]
MARC details
000 -LEADER
fixed length control field 00975nam a22002417a 4500
003 - CONTROL NUMBER IDENTIFIER
control field 0
005 - DATE AND TIME OF LATEST TRANSACTION
control field 20251020111034.0
008 - FIXED-LENGTH DATA ELEMENTS--GENERAL INFORMATION
fixed length control field 251020b xxu||||| |||| 00| 0 eng d
020 ## - INTERNATIONAL STANDARD BOOK NUMBER
International Standard Book Number 978-971-27-3421-2
050 ## - LIBRARY OF CONGRESS CALL NUMBER
Classification number TX 773
Item number .G85 2018
110 ## - MAIN ENTRY--CORPORATE NAME
Corporate name or jurisdiction name as entry element Maya Kitchen Culinary Arts Center,
Relator term author.
245 ## - TITLE STATEMENT
Title Guilt - free desserts :
Remainder of title healthier dessert recipes for guiltless indulging /
Statement of responsibility, etc The Maya Kitchen Culinary Arts Center.
260 ## - PUBLICATION, DISTRIBUTION, ETC. (IMPRINT)
Place of publication, distribution, etc Mandaluyong City :
Name of publisher, distributor, etc Anvil Publishing Inc.,
Date of publication, distribution, etc 2018.
300 ## - PHYSICAL DESCRIPTION
Extent 93 pages :
Other physical details illustrations ;
Dimensions 23 cm.
500 ## - GENERAL NOTE
General note Includes acknowledgements, healthy substitute for common ingredients, table of ingredient weights per measurement, glossary, and recipe index.
504 ## - BIBLIOGRAPHY, ETC. NOTE
Bibliography, etc Includes bibliography.
650 ## - SUBJECT ADDED ENTRY--TOPICAL TERM
Topical term or geographic name as entry element Desserts
Geographic subdivision Philippines.
650 ## - SUBJECT ADDED ENTRY--TOPICAL TERM
Topical term or geographic name as entry element Desserts
General subdivision Recipes.
650 ## - SUBJECT ADDED ENTRY--TOPICAL TERM
Topical term or geographic name as entry element Cooking
General subdivision Health aspects.
710 ## - ADDED ENTRY--CORPORATE NAME
Corporate name or jurisdiction name as entry element Maya Kitchen Culinary Arts Center.
710 ## - ADDED ENTRY--CORPORATE NAME
Corporate name or jurisdiction name as entry element Anvil Publishing, Inc.,
Relator term publisher.
942 ## - ADDED ENTRY ELEMENTS (KOHA)
Source of classification or shelving scheme Library of Congress Classification
Koha item type Books
Holdings
Withdrawn status Lost status Source of classification or shelving scheme Damaged status Home library Current library Shelving location Date acquired Source of acquisition Sub Shelving location Total Checkouts Full call number Barcode Date last seen Date checked out Price effective from Koha item type
    Library of Congress Classification   Luxembourg Library Luxembourg Library High School Section 11/19/2024 Library Fund   1 TX 773 .G85 2018 21368 10/20/2025 10/20/2025 10/20/2025 Books

Guilt - free desserts :

APA

Maya Kitchen Culinary Arts Center, Maya Kitchen Culinary Arts Center & Anvil Publishing I. (2018). Guilt - free desserts. Mandaluyong City: Anvil Publishing Inc.

Chicago

Maya Kitchen Culinary Arts Center, Maya Kitchen Culinary Arts Center and Anvil Publishing Inc. 2018. Guilt - free desserts. Mandaluyong City: Anvil Publishing Inc.

Harvard

Maya Kitchen Culinary Arts Center, Maya Kitchen Culinary Arts Center and Anvil Publishing I. (2018). Guilt - free desserts. Mandaluyong City: Anvil Publishing Inc.

MLA

Maya Kitchen Culinary Arts Center, Maya Kitchen Culinary Arts Center and Anvil Publishing Inc. Guilt - free desserts. Mandaluyong City: Anvil Publishing Inc. 2018.

  • Place hold
  • Print
  • Cite
  • Add to your cart (remove)
  • Save record
    BIBTEX Dublin Core MARCXML MARC (non-Unicode/MARC-8) MARC (Unicode/UTF-8) MARC (Unicode/UTF-8, Standard) MODS (XML) RIS
  • More searches
    Search for this title in:
    Other Libraries (WorldCat) Other Databases (Google Scholar) Online Stores (Bookfinder.com) Open Library (openlibrary.org)

Exporting to Dublin Core...

SOUTHVILLE LIBRARY

Southville International School and Colleges Library

1281 Tropical Ave. Cor. Luxembourg St., BF Homes International, Las Pinas City

Tel. No. 8256374 / 252358 Loc. 117/146

Powered by Koha